000 00524nam a22001697a 4500
005 20251108164019.0
008 250721s1997 xx 000 0 ara d
082 1 4 _a320.4/ناص
100 1 _aالأسد، ناصرالدين
245 1 0 _aنحن و الآخر :
_bصراع و حوار /
264 1 _aبيروت :
_bالمؤسسة العربية للدراسات،
_c1997.
300 _a131ص
650 1 7 _aالعلوم السياسية
650 1 7 _aالمقالات العربية
942 _2ddc
_cBK
999 _c1436
_d1436